<?xml version="1.0" encoding="UTF-8"?>
<record
    xmlns:xsi="http://www.w3.org/2001/XMLSchema-instance"
    xsi:schemaLocation="http://www.loc.gov/MARC21/slim http://www.loc.gov/standards/marcxml/schema/MARC21slim.xsd"
    xmlns="http://www.loc.gov/MARC21/slim">

  <leader>02290    a2200241   4500</leader>
  <controlfield tag="001">2162214035926770</controlfield>
  <controlfield tag="003">UA-OsUOA</controlfield>
  <controlfield tag="005">20260506093740.0</controlfield>
  <controlfield tag="008">260505b        un ||||| |||| 00| f ukr d</controlfield>
  <datafield tag="040" ind1=" " ind2=" ">
    <subfield code="a">UA-OsUOA</subfield>
    <subfield code="b">ukr</subfield>
    <subfield code="c">UA-OsUOA</subfield>
    <subfield code="d">UA-OsUOA</subfield>
  </datafield>
  <datafield tag="041" ind1=" " ind2=" ">
    <subfield code="a">ukr</subfield>
  </datafield>
  <datafield tag="080" ind1=" " ind2=" ">
    <subfield code="a">39(477)</subfield>
  </datafield>
  <datafield tag="090" ind1=" " ind2=" ">
    <subfield code="a">39(477)</subfield>
    <subfield code="b">&#x413;82</subfield>
  </datafield>
  <datafield tag="100" ind1=" " ind2=" ">
    <subfield code="a">&#x413;&#x440;&#x438;&#x43D;&#x447;&#x435;&#x43D;&#x43A;&#x43E; &#x411;. &#x414;. </subfield>
    <subfield code="9">25175</subfield>
  </datafield>
  <datafield tag="245" ind1=" " ind2=" ">
    <subfield code="a">&#x418;&#x437;&#x44A; &#x443;&#x441;&#x442;&#x44A; &#x43D;&#x430;&#x440;&#x43E;&#x434;&#x430;</subfield>
    <subfield code="b">&#x43C;&#x430;&#x43B;&#x43E;&#x440;&#x443;&#x441;&#x441;&#x43A;&#x456;&#x435; &#x440;&#x430;&#x437;&#x441;&#x43A;&#x430;&#x437;&#x44B;, &#x441;&#x43A;&#x430;&#x437;&#x43A;&#x438; &#x438; &#x43F;&#x440;.</subfield>
  </datafield>
  <datafield tag="260" ind1=" " ind2=" ">
    <subfield code="a">&#x427;&#x435;&#x440;&#x43D;&#x438;&#x433;&#x43E;&#x432;&#x44A;</subfield>
    <subfield code="c">1900</subfield>
    <subfield code="b">&#x431;/&#x432;</subfield>
  </datafield>
  <datafield tag="300" ind1=" " ind2=" ">
    <subfield code="a">488 &#x441;.</subfield>
  </datafield>
  <datafield tag="520" ind1=" " ind2=" ">
    <subfield code="a">&#xAB;&#x418;&#x437;&#x44A; &#x443;&#x441;&#x442;&#x44A; &#x43D;&#x430;&#x440;&#x43E;&#x434;&#x430;&#xBB; (&#x427;&#x435;&#x440;&#x43D;&#x456;&#x433;&#x456;&#x432;, 1900) &#x2014; &#x446;&#x435; &#x43E;&#x43A;&#x440;&#x435;&#x43C;&#x438;&#x439; &#x43D;&#x430;&#x43A;&#x43B;&#x430;&#x434; &#x430;&#x431;&#x43E; &#x434;&#x43E;&#x434;&#x430;&#x442;&#x43A;&#x43E;&#x432;&#x438;&#x439; &#x432;&#x438;&#x43F;&#x443;&#x441;&#x43A; &#x43C;&#x430;&#x442;&#x435;&#x440;&#x456;&#x430;&#x43B;&#x456;&#x432; &#x432;&#x438;&#x437;&#x43D;&#x430;&#x447;&#x43D;&#x43E;&#x433;&#x43E; &#x444;&#x43E;&#x43B;&#x44C;&#x43A;&#x43B;&#x43E;&#x440;&#x438;&#x441;&#x442;&#x430; &#x411;&#x43E;&#x440;&#x438;&#x441;&#x430; &#x413;&#x440;&#x456;&#x43D;&#x447;&#x435;&#x43D;&#x43A;&#x430;, &#x432;&#x438;&#x434;&#x430;&#x43D;&#x438;&#x439; &#x443; &#x434;&#x440;&#x443;&#x43A;&#x430;&#x440;&#x43D;&#x456; &#x433;&#x443;&#x431;&#x435;&#x440;&#x43D;&#x441;&#x44C;&#x43A;&#x43E;&#x433;&#x43E; &#x437;&#x435;&#x43C;&#x441;&#x442;&#x432;&#x430;.
&#x417;&#x431;&#x456;&#x440;&#x43D;&#x438;&#x43A; &#x43C;&#x456;&#x441;&#x442;&#x438;&#x442;&#x44C; &#x430;&#x432;&#x442;&#x435;&#x43D;&#x442;&#x438;&#x447;&#x43D;&#x456; &#x437;&#x430;&#x43F;&#x438;&#x441;&#x438; &#x43D;&#x430;&#x440;&#x43E;&#x434;&#x43D;&#x43E;&#x457; &#x43F;&#x440;&#x43E;&#x437;&#x438; &#x2014; &#x43A;&#x430;&#x437;&#x43A;&#x438;, &#x43B;&#x435;&#x433;&#x435;&#x43D;&#x434;&#x438;, &#x43F;&#x435;&#x440;&#x435;&#x43A;&#x430;&#x437;&#x438; &#x442;&#x430; &#x43F;&#x43E;&#x431;&#x442;&#x43E;&#x432;&#x456; &#x43E;&#x43F;&#x43E;&#x432;&#x456;&#x434;&#x43A;&#x438;, &#x437;&#x456;&#x431;&#x440;&#x430;&#x43D;&#x456; &#x43F;&#x435;&#x440;&#x435;&#x432;&#x430;&#x436;&#x43D;&#x43E; &#x43D;&#x430; &#x442;&#x435;&#x440;&#x435;&#x43D;&#x430;&#x445; &#x427;&#x435;&#x440;&#x43D;&#x456;&#x433;&#x456;&#x432;&#x449;&#x438;&#x43D;&#x438;. 
&#x413;&#x440;&#x456;&#x43D;&#x447;&#x435;&#x43D;&#x43A;&#x43E; &#x432;&#x43F;&#x435;&#x440;&#x448;&#x435; &#x432; &#x443;&#x43A;&#x440;&#x430;&#x457;&#x43D;&#x441;&#x44C;&#x43A;&#x456;&#x439; &#x43D;&#x430;&#x443;&#x446;&#x456; &#x437;&#x430;&#x441;&#x442;&#x43E;&#x441;&#x443;&#x432;&#x430;&#x432; &#x43C;&#x435;&#x442;&#x43E;&#x434; &#x442;&#x43E;&#x447;&#x43D;&#x43E;&#x457; &#x444;&#x456;&#x43A;&#x441;&#x430;&#x446;&#x456;&#x457; &#x433;&#x43E;&#x432;&#x456;&#x440;&#x43E;&#x43A;, &#x437;&#x430;&#x43F;&#x438;&#x441;&#x443;&#x44E;&#x447;&#x438; &#x442;&#x435;&#x43A;&#x441;&#x442;&#x438; &#x441;&#x430;&#x43C;&#x435; &#x442;&#x430;&#x43A;, &#x44F;&#x43A; &#x457;&#x445; &#x432;&#x438;&#x43C;&#x43E;&#x432;&#x43B;&#x44F;&#x43B;&#x438; &#x441;&#x435;&#x43B;&#x44F;&#x43D;&#x438;, &#x431;&#x435;&#x437; &#xAB;&#x43B;&#x456;&#x442;&#x435;&#x440;&#x430;&#x442;&#x443;&#x440;&#x43D;&#x43E;&#x433;&#x43E; &#x43F;&#x440;&#x438;&#x447;&#x456;&#x441;&#x443;&#x432;&#x430;&#x43D;&#x43D;&#x44F;&#xBB;.
&#x41A;&#x43D;&#x438;&#x433;&#x430; &#x440;&#x43E;&#x437;&#x43A;&#x440;&#x438;&#x432;&#x430;&#x454; &#x43D;&#x430;&#x440;&#x43E;&#x434;&#x43D;&#x456; &#x443;&#x44F;&#x432;&#x43B;&#x435;&#x43D;&#x43D;&#x44F; &#x43F;&#x440;&#x43E; &#x441;&#x442;&#x432;&#x43E;&#x440;&#x435;&#x43D;&#x43D;&#x44F; &#x441;&#x432;&#x456;&#x442;&#x443;, &#x43C;&#x456;&#x444;&#x456;&#x447;&#x43D;&#x438;&#x445; &#x456;&#x441;&#x442;&#x43E;&#x442;, &#x456;&#x441;&#x442;&#x43E;&#x440;&#x438;&#x447;&#x43D;&#x438;&#x445; &#x43F;&#x43E;&#x441;&#x442;&#x430;&#x442;&#x435;&#x439; &#x442;&#x430; &#x449;&#x43E;&#x434;&#x435;&#x43D;&#x43D;&#x435; &#x436;&#x438;&#x442;&#x442;&#x44F; &#x443;&#x43A;&#x440;&#x430;&#x457;&#x43D;&#x441;&#x44C;&#x43A;&#x43E;&#x433;&#x43E; &#x441;&#x435;&#x43B;&#x44F;&#x43D;&#x441;&#x442;&#x432;&#x430; &#x43A;&#x456;&#x43D;&#x446;&#x44F; XIX &#x441;&#x442;&#x43E;&#x43B;&#x456;&#x442;&#x442;&#x44F;.
&#x412;&#x438;&#x434;&#x430;&#x43D;&#x43D;&#x44F; 1900 &#x440;&#x43E;&#x43A;&#x443; &#x454; &#x447;&#x430;&#x441;&#x442;&#x438;&#x43D;&#x43E;&#x44E; &#x432;&#x435;&#x43B;&#x438;&#x43A;&#x43E;&#x457; &#x435;&#x442;&#x43D;&#x43E;&#x433;&#x440;&#x430;&#x444;&#x456;&#x447;&#x43D;&#x43E;&#x457; &#x441;&#x435;&#x440;&#x456;&#x457;, &#x44F;&#x43A;&#x430; &#x441;&#x442;&#x430;&#x43B;&#x430; &#x444;&#x443;&#x43D;&#x434;&#x430;&#x43C;&#x435;&#x43D;&#x442;&#x43E;&#x43C; &#x434;&#x43B;&#x44F; &#x43F;&#x43E;&#x434;&#x430;&#x43B;&#x44C;&#x448;&#x43E;&#x433;&#x43E; &#x440;&#x43E;&#x437;&#x432;&#x438;&#x442;&#x43A;&#x443; &#x443;&#x43A;&#x440;&#x430;&#x457;&#x43D;&#x441;&#x44C;&#x43A;&#x43E;&#x457; &#x434;&#x456;&#x430;&#x43B;&#x435;&#x43A;&#x442;&#x43E;&#x43B;&#x43E;&#x433;&#x456;&#x457; &#x442;&#x430; &#x444;&#x43E;&#x43B;&#x44C;&#x43A;&#x43B;&#x43E;&#x440;&#x438;&#x441;&#x442;&#x438;&#x43A;&#x438;.</subfield>
  </datafield>
  <datafield tag="650" ind1=" " ind2=" ">
    <subfield code="a">39 &#x41A;&#x443;&#x43B;&#x44C;&#x442;&#x443;&#x440;&#x43D;&#x430; &#x430;&#x43D;&#x442;&#x440;&#x43E;&#x43F;&#x43E;&#x43B;&#x43E;&#x433;&#x456;&#x44F;. &#x415;&#x442;&#x43D;&#x43E;&#x433;&#x440;&#x430;&#x444;&#x456;&#x44F;. &#x417;&#x432;&#x438;&#x447;&#x430;&#x457;. &#x422;&#x440;&#x430;&#x434;&#x438;&#x446;&#x456;&#x457;. &#x421;&#x43F;&#x43E;&#x441;&#x456;&#x431; &#x436;&#x438;&#x442;&#x442;&#x44F;. &#x424;&#x43E;&#x43B;&#x44C;&#x43A;&#x43B;&#x43E;&#x440;</subfield>
    <subfield code="9">15</subfield>
  </datafield>
  <datafield tag="942" ind1=" " ind2=" ">
    <subfield code="c">RB</subfield>
    <subfield code="2">udc</subfield>
  </datafield>
  <datafield tag="955" ind1=" " ind2=" ">
    <subfield code="a">3</subfield>
  </datafield>
  <datafield tag="999" ind1=" " ind2=" ">
    <subfield code="c">580643</subfield>
    <subfield code="d">580643</subfield>
  </datafield>
  <datafield tag="952" ind1=" " ind2=" ">
    <subfield code="0">0</subfield>
    <subfield code="1">0</subfield>
    <subfield code="2">udc</subfield>
    <subfield code="4">0</subfield>
    <subfield code="7">0</subfield>
    <subfield code="8">C_Shevchuk_V.</subfield>
    <subfield code="a">101</subfield>
    <subfield code="b">101</subfield>
    <subfield code="d">2026-05-05</subfield>
    <subfield code="e">&#x410;&#x43A;&#x442; &#x2116;24/28.04.2026</subfield>
    <subfield code="g">100.00</subfield>
    <subfield code="i">169900</subfield>
    <subfield code="l">0</subfield>
    <subfield code="o">39(477) &#x413;82</subfield>
    <subfield code="p">169900</subfield>
    <subfield code="r">2026-05-05 15:54:00</subfield>
    <subfield code="v">100.00</subfield>
    <subfield code="w">2026-05-05</subfield>
    <subfield code="y">RB</subfield>
  </datafield>
</record>
